A Bela e a Fera : (Record no. 516)

MARC details
000 -LÍDER
campo de controle de tamanho fixo 01378nam a22002894a 4500
001 - NÚMERO DE CONTROLE
campo de controle 516
003 - IDENTIFICADOR DO NÚMERO DE CONTROLE
campo de controle BR-RjBN
005 - DATA E HORÁRIO DA ÚLTIMA TRANSAÇÃO
campo de controle 20260520090212.0
008 - CAMPO DE DADOS FIXOS--INFORMAÇÃO GERAL
campo de controle de tamanho fixo 170101s2017 sp 000 f por d
020 ## - ISBN - INTERNATIONAL STANDARD BOOK NUMBER
ISBN - International Standard Book Number 9788550301945
040 ## - FONTE DA CATALOGAÇÃO
Idioma da catalogação por
041 1# - CÓDIGO DE IDIOMA
Código do idioma do texto/trilha sonora ou título diferente por
Código do idioma do original e/ou traduções intermediárias do texto eng
082 ## - CDD - CLASSIFICAÇÃO DECIMAL DE DEWEY
Número de Classificação 813
Número do exemplar D686b
100 1# - ENTRADA PRINCIPAL--NOME PESSOAL
Nome pessoal Donnelly, Jennifer.
240 10 - TÍTULO UNIFORME
Título uniforme Beauty and the Beast: Lost in a Book.
245 12 - TÍTULO
Título A Bela e a Fera :
Restante do título perdida em um livro /
Indicação de responsabilidade, etc. Jennifer Donnelly.
260 ## - PUBLICAÇÃO, DISTRIBUIÇÃO, ETC.
Local de publicação, distribuição, etc. São Paulo :
Nome do editor, distribuidor, etc. Universo dos Livros,
Data da publicação, distribuição, etc. 2017.
300 ## - DESCRIÇÃO FÍSICA
Extensão 304 p. ;
520 ## - NOTA DE RESUMO, ETC.
Resumo, etc. Vivendo no castelo da Fera, Bela encontra um livro encantado chamado “Nunca Mais”, capaz de transportá-la para um mundo repleto de glamour, festas e mistérios. Nesse universo mágico, ela tem acesso a tudo aquilo que sempre desejou, incluindo aventuras e possibilidades que acreditava ter perdido. Entretanto, enquanto se encanta com a nova realidade, Bela começa a questionar se pode confiar nos personagens que encontra e se conseguirá retornar ao castelo e aos amigos que deixou para trás. A obra expande o universo do clássico da Disney com fantasia, romance e aventura.
650 #0 - ASSUNTO--TERMO TÓPICO
Cabeçalho tópico ou nome geográfico Literatura norte-americana.
650 #0 - ASSUNTO--TERMO TÓPICO
Cabeçalho tópico ou nome geográfico Fantasia.
9 (RLIN) 45
650 #0 - ASSUNTO--TERMO TÓPICO
Cabeçalho tópico ou nome geográfico Contos de fadas.
650 #0 - ASSUNTO--TERMO TÓPICO
Cabeçalho tópico ou nome geográfico Magia.
9 (RLIN) 785
655 #0 - TERMO DE ÍNDICE--GÊNERO E FORMA
Gênero/forma/ou termo foco Romance juvenil.
655 #0 - TERMO DE ÍNDICE--GÊNERO E FORMA
Gênero/forma/ou termo foco Ficção.
942 ## - ELEMENTOS DE ENTRADA ADICIONADOS (KOHA)
Fonte de classificação ou esquema de arquivamento Classificação decimal de Dewey
Ocultar no OPAC Não
Tipo de material Koha Livros
Holdings
Situação do descarte Situação das perdas Fonte de classificação ou esquema de arquivamento Status danificado Não pode ser emprestado Coleção Biblioteca de origem Biblioteca atual Localização na estante Data de aquisição Fonte de aquisição Total de empréstimos Número de chamada completo Código de barras Data de último acesso Data do preço efetivo Tipo de material Koha
    Classificação decimal de Dewey     Ficção Biblioteca Professor Eduardo Afonso de Castro Biblioteca Professor Eduardo Afonso de Castro Infanto Juvenil 20.05.2026 doação   813 / D686b 2026-17451 20.05.2026 20.05.2026 Livros

Powered by Koha